Every Song by Portugal. The Man - Statistics

General Stats
  • This quiz has been taken 17 times
  • The average score is 23 of 116
Answer Stats
Album Song % Correct
Woodstock(2017) Feel It Still
92%
Evil Friends(2013) Evil Friends
83%
Woodstock(2017) Live in the Moment
67%
The Satanic Satanist(2009) People Say
58%
Evil Friends(2013) Purple Yellow Red and Blue
58%
The Satanic Satanist(2009) The Sun
58%
Evil Friends(2013) Creep in a T-Shirt
50%
Woodstock(2017) Easy Tiger
50%
Evil Friends(2013) Plastic Soldiers
50%
Evil Friends(2013) Smile
50%
Evil Friends(2013) Someday Believers
50%
The Satanic Satanist(2009) The Woods
50%
Woodstock(2017) Tidal Wave
50%
The Satanic Satanist(2009) Do You
42%
Chris Black Changed My Life(2023) Dummy
42%
The Satanic Satanist(2009) Lovers in Love
42%
Evil Friends(2013) Modern Jesus
42%
In the Mountain in the Cloud(2011) So American
42%
The Satanic Satanist(2009) Work All Day
42%
Evil Friends(2013) Atomic Man
33%
Church Mouth(2007) Church Mouth
33%
Evil Friends(2013) Hip Hop Kids
33%
Evil Friends(2013) Holy Roller (Hallelujah)
33%
The Satanic Satanist(2009) Mornings
33%
Evil Friends(2013) Sea of Air
33%
Chris Black Changed My Life(2023) Summer of Luv
33%
The Satanic Satanist(2009) The Home
33%
Evil Friends(2013) Waves
33%
Censored Colors(2008) 1989
25%
Waiter: "You Vultures!"(2006) Bad, Bad Levi Brown
25%
The Satanic Satanist(2009) Everyone is Golden
25%
The Satanic Satanist(2009) Guns & Dogs
25%
Waiter: "You Vultures!"(2006) Guns. Guns...Guns
25%
Censored Colors(2008) Lay Me Back Down
25%
In the Mountain in the Cloud(2011) Once Was One
25%
Waiter: "You Vultures!"(2006) Stables & Chairs
25%
The Pines & the Devil(2006) The Devil
25%
Waiter: "You Vultures!"(2006) Waiter
25%
Censored Colors(2008) Colors
17%
Chris Black Changed My Life(2023) Ghost Town
17%
Chris Black Changed My Life(2023) Grim Generation
17%
Waiter: "You Vultures!"(2006) Horse Warming Party
17%
Woodstock(2017) Keep On
17%
Woodstock(2017) Mr. Lonely
17%
Woodstock(2017) Number One
17%
Censored Colors(2008) Our Times
17%
Chris Black Changed My Life(2023) Plastic Island
17%
Woodstock(2017) Rich Friends
17%
In the Mountain in the Cloud(2011) Share with Me the Sun
17%
In the Mountain in the Cloud(2011) Sleep Forever
17%
Church Mouth(2007) Sleeping Sleepers Sleep
17%
Woodstock(2017) So Young
17%
Church Mouth(2007) Sun Brother
17%
Church Mouth(2007) Telling Tellers Tell Me
17%
Church Mouth(2007) The Bottom
17%
The Pines & the Devil(2006) The Pines
17%
Chris Black Changed My Life(2023) Time's a Fantasy
17%
In the Mountain in the Cloud(2011) You Carried Us (Share with Me the Sun)
17%
American Ghetto(2010) 1000 Years
8%
American Ghetto(2010) 60 Years
8%
Waiter: "You Vultures!"(2006) AKA M80 the Wolf
8%
Censored Colors(2008) All Mine
8%
American Ghetto(2010) All My People
8%
In the Mountain in the Cloud(2011) All Your Light (Times Like These)
8%
Censored Colors(2008) And I
8%
Chris Black Changed My Life(2023) Anxiety:Clarity
8%
Church Mouth(2007) Bellies are Full
8%
American Ghetto(2010) Break
8%
Chris Black Changed My Life(2023) Champ
8%
Waiter: "You Vultures!"(2006) Chicago
8%
Church Mouth(2007) Children
8%
Censored Colors(2008) Created
8%
Church Mouth(2007) Dawn
8%
Chris Black Changed My Life(2023) Doubt
8%
Waiter: "You Vultures!"(2006) Elephants
8%
In the Mountain in the Cloud(2011) Everything You See (Kids Count Hallelujahs)
8%
American Ghetto(2010) Fantastic Pace
8%
In the Mountain in the Cloud(2011) Floating (Time Isn't Working My Side)
8%
Waiter: "You Vultures!"(2006) Gold Fronts
8%
In the Mountain in the Cloud(2011) Got It All (This Can't Be Living Now)
8%
Censored Colors(2008) Hard Times
8%
Chris Black Changed My Life(2023) Heavy Games II
8%
Waiter: "You Vultures!"(2006) How the Leopard Got Its Spots
8%
Censored Colors(2008) Intermission
8%
American Ghetto(2010) Just a Fool
8%
Waiter: "You Vultures!"(2006) Kill Me. The King
8%
The Satanic Satanist(2009) Let You Down
8%
Waiter: "You Vultures!"(2006) Marching With 6
8%
Under Waves of the Brown Coat(2005) Monster
8%
Under Waves of the Brown Coat(2005) Monster 2
8%
Church Mouth(2007) My Mind
8%
Censored Colors(2008) New Orleans
8%
Woodstock(2017) Noise Pollution
8%
Church Mouth(2007) Oh Lord
8%
Censored Colors(2008) Our Way
8%
Censored Colors(2008) Out and In and In and Out
8%
Censored Colors(2008) Salt
8%
American Ghetto(2010) Some Men
8%
Under Waves of the Brown Coat(2005) So You Know
8%
Church Mouth(2007) Sugar Cinnamon
8%
American Ghetto(2010) The Dead Dog
8%
American Ghetto(2010) The Pushers Party
8%
Chris Black Changed My Life(2023) Thunderdome [W.T.A.]
8%
Waiter: "You Vultures!"(2006) Tommy
8%
Non-Album(2022) What, Me Worry?
8%
American Ghetto(2010) When the War Ends
8%
Under Waves of the Brown Coat(2005) Air Balloons
0%
American Ghetto(2010) Do What We Do
0%
Non-Album(2014) Endangered Song (Sumatran Tiger)
0%
In the Mountain in the Cloud(2011) Head is a Flame (Cool with It)
0%
Censored Colors(2008) Never Pleased
0%
Under Waves of the Brown Coat(2005) Open Wide
0%
In the Mountain in the Cloud(2011) Senseless
0%
Church Mouth(Bonus)(2007) Seventeen
0%
Church Mouth(2007) Shade
0%
Censored Colors(2008) Sit Back and Dream
0%
No matching quizzes found
Score Distribution
Percent of People with Each Score
Percentile by Number Answered
Your Score History
You have not taken this quiz